[Event "XXXIII Memorial Edoardo Crespi B"]
[Site "Milano ITA"]
[Date "2012.12.05"]
[Round "1"]
[White "Alidosi, Marco"]
[Black "Izzo, Riccardo"]
[WhiteElo "1785"]
[BlackElo "1653"]
[Result "1/2-1/2"]
[PlyCount "125"]
[EventDate "2012.12.05"]

1. d4 d5 2. c4 e6 3. Nc3 Nf6 4. cxd5 exd5 5. Bg5 Bb4 6. a3 Bxc3+ 7. bxc3 O-O 8.
e3 Bf5 9. Nf3 Qd6 10. Bxf6 Qxf6 11. Be2 Nd7 12. O-O Be4 13. a4 Rac8 14. Qb3 Qb6
15. Qxb6 Nxb6 16. Nd2 Bf5 17. Bf3 Be6 18. a5 Nd7 19. Rfb1 Rb8 20. Rb2 b6 21.
axb6 axb6 22. Ra7 Rfc8 23. e4 dxe4 24. Bxe4 Nf6 25. Bc6 Bd5 26. Bxd5 Nxd5 27.
c4 Nf6 28. f3 Ra8 29. Rba2 Rxa7 30. Rxa7 Kf8 31. Kf2 Rd8 32. Ke3 Rd7 33. g4 g5
34. Kd3 Ke7 35. d5 c6 36. Rxd7+ Kxd7 37. dxc6+ Kxc6 38. Kd4 Ng8 39. Ne4 Kd7 40.
Nc3 Kd6 41. Ne4+ Ke7 42. Nxg5 h6 43. Ne4 Kd7 44. h4 Ne7 45. Nf6+ Ke6 46. Ne4
Nc6+ 47. Ke3 Ne5 48. Nd2 f6 49. Ke4 Kd6 50. Kd4 Nc6+ 51. Kc3 Ne5 52. Kb4 Kc6
53. Ne4 Nxf3 54. Nxf6 Nxh4 55. Ng8 Ng6 56. Nxh6 Ne5 57. g5 Nd3+ 58. Kc3 Ne5 59.
Nf5 Ng6 60. Kd4 Nh8 61. Nh4 b5 62. cxb5+ Kxb5 63. Ke5 1/2-1/2

[Event "XXXIII Memorial Edoardo Crespi B"]
[Site "Milano ITA"]
[Date "2012.12.05"]
[Round "1"]
[White "Aloe, Giancarlo"]
[Black "Verderame, Alberto"]
[WhiteElo "1666"]
[BlackElo "1421"]
[Result "1-0"]
[PlyCount "101"]
[EventDate "2012.12.05"]

1. d4 d5 2. Nf3 c6 3. c4 Nf6 4. g3 e6 5. Bg2 dxc4 6. a4 a5 7. O-O Bb4 8. Qc2 b5
9. axb5 cxb5 10. Nc3 Ba6 11. Ne5 Ra7 12. Bc6+ Nbd7 13. Bxb5 Bxb5 14. Nxb5 Ra6
15. Qxc4 O-O 16. Nc6 Qc8 17. Ne5 Nxe5 18. Qxc8 Rxc8 19. dxe5 Ng4 20. Bf4 h6 21.
h3 Rc5 22. Nd4 Nxe5 23. Bxe5 Rxe5 24. e3 Rb6 25. Nb3 Reb5 26. Nd4 Rc5 27. Rfd1
e5 28. Nb3 Rcb5 29. Kg2 Ra6 30. Nc1 e4 31. Rd4 f5 32. Na2 Bc5 33. Rd5 g6 34.
Nc3 Rxb2 35. Rxc5 Rc2 36. Na4 Re2 37. Rb5 Kg7 38. Nc5 Rd6 39. Rbxa5 Rdd2 40.
Rf1 Rxe3 41. Ne6+ Kf6 42. Nf4 Rf3 43. Ra6+ Kf7 44. Nxg6 Rc3 45. Rb1 Ke8 46. Rb7
Kd8 47. Ne5 e3 48. Ra8+ Rc8 49. Nc6+ Ke8 50. Rxc8+ Rd8 51. Rxd8# 1-0

[Event "XXXIII Memorial Edoardo Crespi B"]
[Site "Milano ITA"]
[Date "2012.12.05"]
[Round "1"]
[White "Anguilla, Alfonso"]
[Black "Casati, Ivan Mario"]
[WhiteElo "1660"]
[BlackElo "1418"]
[Result "0-1"]
[PlyCount "74"]
[EventDate "2012.12.05"]

1. e4 d6 2. d4 Nf6 3. Nc3 g6 4. Be2 Bg7 5. Be3 O-O 6. Qd2 c6 7. O-O-O Ng4 8.
Bxg4 Bxg4 9. f3 Be6 10. g4 Nd7 11. Bh6 Nf6 12. h4 Qa5 13. Kb1 b5 14. b3 Rac8
15. Bxg7 Kxg7 16. h5 Rh8 17. Nh3 h6 18. hxg6 fxg6 19. g5 Bxh3 20. gxf6+ exf6
21. Rxh3 h5 22. Qd3 b4 23. Ne2 Rce8 24. Rg1 g5 25. Ng3 h4 26. Nf5+ Kf8 27. Nxd6
Re6 28. e5 Rh6 29. Qf5 Rxd6 30. Qc8+ Qd8 31. Qxd8+ Rxd8 32. exf6 Rg6 33. Rg4
Rd5 34. f4 Rxd4 35. Rxg5 Rxf6 36. Rxh4 Rdxf4 37. Rg1 Rxh4 0-1

[Event "XXXIII Memorial Edoardo Crespi B"]
[Site "Milano ITA"]
[Date "2012.12.05"]
[Round "1"]
[White "Baccarin, Stefano"]
[Black "Bonghi, Fabrizio"]
[WhiteElo "1701"]
[BlackElo "1554"]
[Result "1-0"]
[PlyCount "54"]
[EventDate "2012.12.05"]

1. e4 e6 2. d4 d5 3. Nc3 Bb4 4. e5 Ne7 5. a3 Bxc3+ 6. bxc3 b6 7. Bd3 Ng6 8. Nh3
c5 9. O-O O-O 10. a4 Ba6 11. f4 Bxd3 12. Qxd3 f5 13. Ng5 Qd7 14. Qg3 cxd4 15.
Ba3 Rc8 16. cxd4 Rxc2 17. Qh3 h6 18. Qh5 Rxg2+ 19. Kxg2 hxg5 20. Qxg6 g4 21.
Bd6 Nc6 22. Rfc1 Rc8 23. Ra3 Nxd4 24. Rac3 Rxc3 25. Rxc3 Nc6 26. h3 d4 27. Rd3
Qf7 1-0

[Event "XXXIII Memorial Edoardo Crespi B"]
[Site "Milano ITA"]
[Date "2012.12.05"]
[Round "1"]
[White "Bertora, Silvano"]
[Black "Poletto, Daniele"]
[WhiteElo "1618"]
[BlackElo "1726"]
[Result "1-0"]
[PlyCount "99"]
[EventDate "2012.12.05"]

1. d4 Nf6 2. Nf3 g6 3. c4 Bg7 4. Nc3 d6 5. e4 O-O 6. Be2 e5 7. d5 a5 8. a4 Na6
9. Bd2 Bd7 10. O-O Nc5 11. Qc2 h6 12. Rfb1 Nh7 13. b4 axb4 14. Rxb4 f5 15. Be3
b6 16. h3 f4 17. Bxc5 bxc5 18. Rb3 g5 19. Nh2 Nf6 20. f3 h5 21. a5 Qc8 22. Qd1
Kf7 23. Rba3 Rg8 24. a6 g4 25. hxg4 hxg4 26. fxg4 Bh6 27. Nb5 Bxb5 28. cxb5
Nxe4 29. Nf1 Nf6 30. Rh3 Bg5 31. Qb1 Qd7 32. Nh2 Ke7 33. Bf3 Rh8 34. Rxh8 Rxh8
35. a7 Ra8 36. b6 cxb6 37. Qxb6 e4 38. Qb8 Qd8 39. Qb7+ Kf8 40. Be2 f3 41. gxf3
Be3+ 42. Kg2 exf3+ 43. Bxf3 Nd7 44. Be2 Nb6 45. Rf1+ Kg8 46. Qf7+ Kh8 47. Qh5+
Kg8 48. Qg6+ Kh8 49. Rf7 Qg8 50. Qh5+ 1-0

[Event "XXXIII Memorial Edoardo Crespi B"]
[Site "Milano ITA"]
[Date "2012.12.05"]
[Round "1"]
[White "Botta, Massimiliano"]
[Black "Grudina, Marco"]
[WhiteElo "1653"]
[BlackElo "1796"]
[Result "1/2-1/2"]
[PlyCount "82"]
[EventDate "2012.12.05"]

1. e4 e5 2. Nf3 Nc6 3. Bc4 Bc5 4. c3 Nf6 5. d4 exd4 6. cxd4 Bb4+ 7. Bd2 Bxd2+
8. Nbxd2 d5 9. exd5 Nxd5 10. Nb3 O-O 11. O-O Be6 12. Re1 Nce7 13. h3 h6 14.
Nfd2 c6 15. Qe2 Nf4 16. Qf3 Ned5 17. Ne4 Qc7 18. Ng3 b5 19. Bd3 Nb4 20. Be4
Bxb3 21. Qxb3 Nbd5 22. Rac1 Qb6 23. Red1 Rfe8 24. Bf3 Rad8 25. Rc2 Qa5 26. Ne2
Nb4 27. Qc3 Qa4 28. b3 Qa3 29. Nxf4 Nxc2 30. Qxc2 Qd6 31. g3 Rc8 32. Qd2 Qf6
33. Qc3 Qd6 34. Rc1 Red8 35. Ne2 Qa3 36. Bg4 Rc7 37. Rc2 Qd6 38. b4 Qf6 39. Bf3
Rdc8 40. Nf4 Qd6 41. Rd2 Qf6 1/2-1/2

[Event "XXXIII Memorial Edoardo Crespi B"]
[Site "Milano ITA"]
[Date "2012.12.05"]
[Round "1"]
[White "Brambilla, Luca Massimo"]
[Black "Ceraulo, Carlo Alberto"]
[WhiteElo "1692"]
[BlackElo "1544"]
[Result "1-0"]
[PlyCount "53"]
[EventDate "2012.12.05"]

1. d4 d5 2. c4 dxc4 3. e3 e5 4. Bxc4 Bb4+ 5. Nc3 exd4 6. exd4 Bxc3+ 7. bxc3 Nf6
8. Ba3 Nd5 9. Qh5 Be6 10. Ne2 Nf6 11. Qb5+ Bd7 12. Qe5+ Be6 13. Bxe6 Nc6 14.
Qb5 fxe6 15. Qxb7 Kd7 16. O-O Rb8 17. Qa6 Rb6 18. Qa4 Qb8 19. c4 Qb7 20. Bc5
Ra6 21. Qc2 Ra5 22. Nc3 e5 23. Qf5+ Kd8 24. Nb5 exd4 25. Rad1 a6 26. Nxd4 Ke8
27. Qe6+ 1-0

[Event "XXXIII Memorial Edoardo Crespi B"]
[Site "Milano ITA"]
[Date "2012.12.05"]
[Round "1"]
[White "Calabrese, Maurizio"]
[Black "Resta, Andrea"]
[WhiteElo "1528"]
[BlackElo "1688"]
[Result "1/2-1/2"]
[PlyCount "54"]
[EventDate "2012.12.05"]

1. d4 Nf6 2. Nf3 d5 3. e3 Bf5 4. Nbd2 c5 5. Bb5+ Nc6 6. c4 e6 7. cxd5 exd5 8.
Nb3 c4 9. Bxc6+ bxc6 10. Nc5 Bxc5 11. dxc5 Qa5+ 12. Bd2 Qxc5 13. O-O O-O 14.
Bc3 Ne4 15. Bd4 Qe7 16. b3 cxb3 17. axb3 Bg4 18. h3 Bh5 19. g4 Bg6 20. Bb2 f5
21. Ne5 Be8 22. Rc1 Qh4 23. Nxc6 Qxh3 24. Ne7+ Kh8 25. Nxf5 Rxf5 26. gxf5 Bh5
27. Qxd5 Qg4+ 1/2-1/2

[Event "XXXIII Memorial Edoardo Crespi B"]
[Site "Milano ITA"]
[Date "2012.12.05"]
[Round "1"]
[White "Cerutti, Fabio Maria"]
[Black "Picasso, Marco Francesco"]
[WhiteElo "1686"]
[BlackElo "1520"]
[Result "1-0"]
[PlyCount "91"]
[EventDate "2012.12.05"]

1. e4 c6 2. d4 d5 3. e5 c5 4. dxc5 Nc6 5. f4 e6 6. Be3 Qa5+ 7. Qd2 Qxd2+ 8.
Nxd2 d4 9. Bf2 Bxc5 10. Nb3 Bb6 11. Nf3 Nge7 12. Nfxd4 Nxd4 13. Bxd4 Bc7 14.
Bc5 Bd8 15. Bb5+ Nc6 16. Nd4 Bd7 17. O-O-O Bb6 18. Bxb6 axb6 19. a3 Rd8 20. Rd2
Nxd4 21. Bxd7+ Rxd7 22. Rhd1 Nb3+ 23. cxb3 Rxd2 24. Rxd2 Ke7 25. Rd6 Rc8+ 26.
Kd2 Rc6 27. Rxc6 bxc6 28. b4 f6 29. g4 h6 30. h4 g6 31. a4 fxe5 32. fxe5 Kd7
33. a5 Kc7 34. Kc3 Kb7 35. Kc4 Ka6 36. axb6 Kxb6 37. b3 Kb7 38. Kc5 Kc7 39. b5
cxb5 40. Kxb5 Kb7 41. Kc5 Kc7 42. b4 Kd7 43. Kb6 Kc8 44. Kc6 h5 45. gxh5 gxh5
46. Kd6 1-0

[Event "XXXIII Memorial Edoardo Crespi B"]
[Site "Milano ITA"]
[Date "2012.12.05"]
[Round "1"]
[White "Colica, Daniele"]
[Black "Confalonieri, Luca"]
[WhiteElo "1713"]
[BlackElo "1607"]
[Result "1-0"]
[PlyCount "73"]
[EventDate "2012.12.05"]

1. e4 e5 2. Nf3 Nc6 3. d4 exd4 4. Nxd4 Nf6 5. Nxc6 bxc6 6. e5 Qe7 7. Qe2 Nd5 8.
c4 Nb6 9. b3 g6 10. g3 Bg7 11. Bb2 d6 12. Bg2 Bb7 13. f4 Nd7 14. O-O f5 15. Re1
O-O 16. Nd2 Rfe8 17. Nf3 c5 18. Qd2 Be4 19. Rad1 Rad8 20. exd6 cxd6 21. Ng5 Nf6
22. Bxf6 Bxf6 23. Nxe4 Bd4+ 24. Kh1 fxe4 25. Bxe4 Qf6 26. Bc6 Rxe1+ 27. Rxe1
Kg7 28. Qe2 Kh6 29. Qg4 Bf2 30. Qh3+ Kg7 31. Rf1 Qb2 32. Qe6 Rf8 33. Qxd6 Bd4
34. Bd5 Kh6 35. Qxf8+ Bg7 36. Qe7 Qxa2 37. Qh4# 1-0

[Event "XXXIII Memorial Edoardo Crespi B"]
[Site "Milano ITA"]
[Date "2012.12.05"]
[Round "1"]
[White "Condorelli, Roberto"]
[Black "Marinescu, Gheorge"]
[WhiteElo "1725"]
[BlackElo "1618"]
[Result "0-1"]
[PlyCount "88"]
[EventDate "2012.12.05"]

1. Nf3 Nc6 2. d4 d5 3. c4 Nf6 4. cxd5 Nxd5 5. e4 Nb6 6. Bb5 Bd7 7. Nc3 e6 8.
O-O Qe7 9. d5 Nb8 10. Be2 e5 11. Nb5 Bxb5 12. Bxb5+ c6 13. dxc6 bxc6 14. Be2
N8d7 15. Qc2 Rc8 16. Be3 h5 17. Rfd1 h4 18. Bg5 f6 19. Bxh4 g5 20. Bg3 Qh7 21.
Nd2 Nc5 22. Bg4 Rc7 23. Bf5 Qh5 24. Nc4 Nxc4 25. Qxc4 Be7 26. b4 Nb7 27. b5 Nd6
28. Qe6 Nxb5 29. Rd7 Rxd7 30. Qxd7+ Kf8 31. Qxc6 Nd4 32. Qa8+ Kg7 33. Qxa7 Ne2+
34. Kf1 Nxg3+ 35. fxg3 Qf7 36. Rd1 Rxh2 37. Rd7 Rh1+ 38. Kf2 Kf8 39. a4 Qa2+
40. Kf3 Rf1+ 41. Ke3 Qa3+ 42. Rd3 Bc5+ 43. Ke2 Qxd3+ 44. Kxd3 Bxa7 0-1

[Event "XXXIII Memorial Edoardo Crespi B"]
[Site "Milano ITA"]
[Date "2012.12.05"]
[Round "1"]
[White "Conta, Diego"]
[Black "Cagnotto, Marco"]
[WhiteElo "1656"]
[BlackElo "1362"]
[Result "1-0"]
[PlyCount "35"]
[EventDate "2012.12.05"]

1. e4 c5 2. Nf3 Nc6 3. d4 cxd4 4. Nxd4 g6 5. c4 Bg7 6. Nxc6 bxc6 7. Nd2 c5 8.
Be2 d6 9. O-O Nf6 10. Bf3 O-O 11. e5 Rb8 12. exf6 Bxf6 13. Rb1 Qa5 14. a3 Bf5
15. Ne4 Bg7 16. Bd2 Qa6 17. Qc1 Qb7 18. Nf6+ 1-0

[Event "XXXIII Memorial Edoardo Crespi B"]
[Site "Milano ITA"]
[Date "2012.12.05"]
[Round "1"]
[White "Donadi, Luca"]
[Black "Figini, Vittorio"]
[WhiteElo "1689"]
[BlackElo "1531"]
[Result "1-0"]
[PlyCount "51"]
[EventDate "2012.12.05"]

1. e4 c5 2. Ne2 Nc6 3. g3 d6 4. Bg2 e5 5. O-O Nf6 6. d3 Be7 7. Nbc3 a6 8. Bg5
Be6 9. Qd2 O-O 10. f4 Nd4 11. Rae1 Rb8 12. Bxf6 Bxf6 13. f5 Bd7 14. Nd5 Bc6 15.
Nec3 b5 16. a3 a5 17. Rf2 b4 18. axb4 cxb4 19. Nxf6+ Qxf6 20. Nd1 a4 21. Ne3
Rb5 22. Ng4 Qd8 23. f6 Ne6 24. fxg7 Nxg7 25. Nf6+ Kh8 26. Qh6 1-0

[Event "XXXIII Memorial Edoardo Crespi B"]
[Site "Milano ITA"]
[Date "2012.12.05"]
[Round "1"]
[White "Fantina, Carla"]
[Black "Bianchi, Paolo"]
[WhiteElo "1451"]
[BlackElo "1676"]
[Result "0-1"]
[PlyCount "94"]
[EventDate "2012.12.05"]

1. c4 Nf6 2. Nc3 g6 3. g3 Bg7 4. Bg2 O-O 5. e3 c5 6. Nge2 Nc6 7. O-O e6 8. d4
cxd4 9. exd4 d5 10. cxd5 Nxd5 11. Nxd5 exd5 12. Be3 Be6 13. Qd2 Qb6 14. Rfd1
Rfe8 15. b3 Rac8 16. h3 Qb4 17. Nf4 Qxd2 18. Rxd2 Ne7 19. g4 Rc6 20. Nd3 Rec8
21. Rad1 a5 22. Nc5 b6 23. Nxe6 fxe6 24. Bg5 Kf7 25. Be3 Rc2 26. f4 R8c3 27.
Bf2 Bh6 28. g5 Bg7 29. Kh2 Nf5 30. Rxc2 Rxc2 31. Kg1 Rxa2 32. Rc1 Rb2 33. Rc7+
Ne7 34. Rc3 Rxf2 35. Rd3 Rb2 36. Kf1 b5 37. Bf3 Nf5 38. Be2 Nxd4 39. Bg4 Rxb3
40. Rd1 b4 41. h4 a4 42. h5 Nf5 43. h6 Ne3+ 44. Ke2 Nxd1 45. Kxd1 Bd4 46. Kc2
Rc3+ 47. Kb1 Be3 0-1

[Event "XXXIII Memorial Edoardo Crespi B"]
[Site "Milano ITA"]
[Date "2012.12.05"]
[Round "1"]
[White "Farina, Walter"]
[Black "Lavorgna, Filippo"]
[WhiteElo "1677"]
[BlackElo "1452"]
[Result "0-1"]
[PlyCount "100"]
[EventDate "2012.12.05"]

1. e4 c6 2. d4 d5 3. e5 Bf5 4. Nc3 e6 5. g4 Bg6 6. Nge2 Nd7 7. h4 h6 8. Be3 Qc7
9. Qd2 O-O-O 10. Nc1 Bb4 11. a3 Bxc3 12. Qxc3 Ne7 13. Nd3 Be4 14. Rh3 Nb6 15.
b3 h5 16. g5 Bf5 17. Rg3 Ng6 18. Bh3 Nxh4 19. Bxf5 Nxf5 20. Rh3 g6 21. Qb2 Kb8
22. Bf4 Qe7 23. a4 Na8 24. c3 Nc7 25. Ke2 Ne8 26. b4 Rc8 27. Nc5 b6 28. Nd3 Nc7
29. Qb3 Qf8 30. Rb1 Qg7 31. Nc5 Rcd8 32. Kf3 bxc5 33. bxc5+ Kc8 34. Qb7+ Kd7
35. Qxa7 Ra8 36. Qb7 Qf8 37. Qb3 Rb8 38. Qc2 Rxb1 39. Qxb1 Qb8 40. Qd3 Qb3 41.
Kg2 Qxa4 42. Bd2 Rb8 43. Qe2 Rb3 44. Re3 Nb5 45. Qd1 Qa3 46. Bc1 Qa2 47. Bd2
Rb2 48. Qe1 Qb1 49. Qe2 Rb3 50. Qf3 Nh4+ 0-1

[Event "XXXIII Memorial Edoardo Crespi B"]
[Site "Milano ITA"]
[Date "2012.12.05"]
[Round "1"]
[White "Frignani, Alessandro"]
[Black "Ragoso, Mario"]
[WhiteElo "1344"]
[BlackElo "1656"]
[Result "0-1"]
[PlyCount "32"]
[EventDate "2012.12.05"]

1. e4 e5 2. Bc4 Nf6 3. f3 Bc5 4. Ne2 Nc6 5. c3 a6 6. b4 Ba7 7. Na3 O-O 8. d3 d5
9. exd5 Nxd5 10. Bxd5 Qxd5 11. c4 Qe6 12. Nc2 Rd8 13. Ng3 Qg6 14. Ke2 Bf5 15.
Nxf5 Qxg2+ 16. Ke1 Qf2# 0-1

[Event "XXXIII Memorial Edoardo Crespi B"]
[Site "Milano ITA"]
[Date "2012.12.05"]
[Round "1"]
[White "Giordano, Giovanni"]
[Black "Crippa, Oscar"]
[WhiteElo "1437"]
[BlackElo "1671"]
[Result "1/2-1/2"]
[PlyCount "98"]
[EventDate "2012.12.05"]

1. e4 e6 2. Nf3 d5 3. exd5 exd5 4. d4 Bd6 5. Nc3 Ne7 6. h3 Nbc6 7. Bb5 a6 8.
Bxc6+ bxc6 9. O-O O-O 10. Re1 Ng6 11. Bg5 f6 12. Bd2 Bf5 13. Ne2 Re8 14. Rc1
Qd7 15. c4 dxc4 16. Rxc4 Be6 17. Rc3 Bxa2 18. b3 Bb4 19. Rd3 a5 20. Nc1 Bb1 21.
Rde3 Rxe3 22. Rxe3 Re8 23. Rxe8+ Qxe8 24. Bxb4 axb4 25. Nd3 Bxd3 26. Qxd3 Nf4
27. Qc4+ Nd5 28. Kf1 Qe6 29. Ne1 Nf4 30. Qxb4 Kf7 31. Qc4 Qd5 32. Qc5 Ne6 33.
Qxd5 cxd5 34. Nc2 Nf4 35. b4 c6 36. h4 Kg6 37. g3 Ne6 38. Ke2 Kf5 39. f3 g5 40.
h5 Ng7 41. Ne3+ Ke6 42. g4 f5 43. h6 Ne8 44. Nxf5 Nc7 45. Kd3 Nb5 46. Ke3 Na3
47. Kd3 Nb5 48. Ne3 Nd6 49. Ng2 Kf6 1/2-1/2

[Event "XXXIII Memorial Edoardo Crespi B"]
[Site "Milano ITA"]
[Date "2012.12.05"]
[Round "1"]
[White "Lavorgna, Francesco"]
[Black "Tannoia, Rocco"]
[WhiteElo "1419"]
[BlackElo "1665"]
[Result "0-1"]
[PlyCount "98"]
[EventDate "2012.12.05"]

1. d4 d5 2. c4 c6 3. Nc3 Nf6 4. Nf3 h6 5. e3 Bf5 6. Be2 e6 7. O-O Bd6 8. a3
Nbd7 9. cxd5 exd5 10. Bd3 Ne4 11. Bxe4 dxe4 12. Nd2 Nf6 13. f3 Qc7 14. h3 Qd7
15. Nc4 exf3 16. Rxf3 Bg6 17. Qe1 Rd8 18. b4 Bb8 19. Bb2 Bd3 20. Nd2 Qd6 21.
Rg3 Qxg3 22. Qxg3 Bxg3 23. Rd1 O-O 24. Nf3 Be4 25. Nxe4 Nxe4 26. Rf1 Rfe8 27.
Bc1 f6 28. Nd2 Nxd2 29. Bxd2 Kh7 30. Rf3 Bc7 31. Kf2 Rd5 32. g4 Re4 33. Ke2 Bb6
34. Kd3 Re8 35. a4 a6 36. a5 Ba7 37. e4 Rxd4+ 38. Kc2 Rdxe4 39. Rd3 Re2 40. Kc3
R2e4 41. Kb3 Kg6 42. Kc3 Be3 43. h4 Bxd2+ 44. Rxd2 R8e7 45. Rg2 Rf4 46. Kb3
Ree4 47. Ka2 Rxg4 48. Rd2 Rxb4 49. Rd7 Rxh4 0-1

[Event "XXXIII Memorial Edoardo Crespi B"]
[Site "Milano ITA"]
[Date "2012.12.05"]
[Round "1"]
[White "Lipari, Alberto"]
[Black "Podetti, Davide"]
[WhiteElo "1604"]
[BlackElo "1712"]
[Result "0-1"]
[PlyCount "82"]
[EventDate "2012.12.05"]

1. c4 Nf6 2. d4 e6 3. Nc3 Bb4 4. Nf3 c5 5. Bg5 d6 6. e3 Nbd7 7. Be2 Qa5 8. Qc2
cxd4 9. Bxf6 Nxf6 10. exd4 Bxc3+ 11. Qxc3 Qxc3+ 12. bxc3 Bd7 13. Bd3 O-O 14.
O-O Rac8 15. Rac1 Rfe8 16. Rfe1 Red8 17. Nd2 b6 18. Ne4 Nxe4 19. Rxe4 f5 20.
Re3 Rc7 21. d5 e5 22. Rb1 f4 23. Ree1 Rb8 24. g3 g5 25. gxf4 gxf4 26. Kh1 Bg4
27. Rg1 Rg7 28. Be4 Rc8 29. f3 Rxc4 30. Bxh7+ Kxh7 31. fxg4 Rxc3 32. Rb3 Rxb3
33. axb3 e4 34. h3 Rg5 35. Rc1 Rxd5 36. Rc7+ Kg6 37. Re7 Re5 38. Rxa7 e3 39.
Ra1 f3 40. Kg1 d5 41. Rd1 f2+ 0-1

[Event "XXXIII Memorial Edoardo Crespi B"]
[Site "Milano ITA"]
[Date "2012.12.05"]
[Round "1"]
[White "Macri', Vincenzo Roberto"]
[Black "Paulovich, Adriano"]
[WhiteElo "1538"]
[BlackElo "1690"]
[Result "1-0"]
[PlyCount "33"]
[EventDate "2012.12.05"]

1. e4 e5 2. Nf3 Nc6 3. Bc4 Nf6 4. O-O Bc5 5. d4 exd4 6. e5 Ng4 7. h3 Ngxe5 8.
Nxe5 Nxe5 9. Re1 d6 10. f4 Qh4 11. Bd3 O-O 12. fxe5 dxe5 13. Rxe5 Bd6 14. Rh5
Qg3 15. Bxh7+ Kh8 16. Be4+ Kg8 17. Rh8+ 1-0

[Event "XXXIII Memorial Edoardo Crespi B"]
[Site "Milano ITA"]
[Date "2012.12.05"]
[Round "1"]
[White "Madaschi, Sergio"]
[Black "Costanza, Calogero"]
[WhiteElo "1516"]
[BlackElo "1683"]
[Result "1-0"]
[PlyCount "95"]
[EventDate "2012.12.05"]

1. d4 d6 2. g3 Nf6 3. Bg2 c6 4. c4 Nbd7 5. Nf3 Qc7 6. Nc3 e6 7. O-O Be7 8. Qc2
e5 9. e3 Nf8 10. b3 Ne6 11. Bb2 Nd7 12. d5 Nef8 13. dxc6 bxc6 14. Rfd1 Ne6 15.
Ba3 O-O 16. Rd2 Rb8 17. Rad1 Ndc5 18. Ne4 Qa5 19. Bxc5 Nxc5 20. Nxc5 Qxc5 21.
h3 g6 22. Ne1 Qa3 23. Kh2 Bf5 24. Qc3 Qc5 25. Nd3 Bxd3 26. Qxd3 f5 27. a3 e4
28. Qb1 Qb6 29. Qc2 Rfc8 30. g4 Rf8 31. gxf5 gxf5 32. Rg1 Kh8 33. Qd1 Qc7 34.
Kh1 Rf6 35. Qh5 Rg8 36. f4 Qc8 37. Bf1 Rxg1+ 38. Kxg1 Rg6+ 39. Rg2 Kg7 40. Qd1
Qe8 41. Qd4+ Bf6 42. Qxa7+ Qe7 43. Qxe7+ Bxe7 44. Rxg6+ Kxg6 45. a4 d5 46. cxd5
cxd5 47. a5 Bc5 48. Kf2 1-0

[Event "XXXIII Memorial Edoardo Crespi B"]
[Site "Milano ITA"]
[Date "2012.12.05"]
[Round "1"]
[White "Mariucci, Felice"]
[Black "Ruggeri, Igor"]
[WhiteElo "1711"]
[BlackElo "1588"]
[Result "1-0"]
[PlyCount "161"]
[EventDate "2012.12.05"]

1. Nf3 Nf6 2. e3 g6 3. b3 Bg7 4. Bb2 O-O 5. Be2 c5 6. O-O Nc6 7. d3 d5 8. Nbd2
Qc7 9. c4 e6 10. Qc1 b6 11. a3 Bb7 12. Qc2 Rfe8 13. Rac1 Rac8 14. Qb1 e5 15.
cxd5 Nxd5 16. Qa1 Qe7 17. Nc4 b5 18. Ncd2 a6 19. Ne4 Na5 20. Qa2 Nf6 21. Nxf6+
Bxf6 22. Nd2 Bd5 23. Bc3 Nb7 24. Qa1 Nd6 25. e4 Bb7 26. f4 b4 27. axb4 cxb4 28.
Bxb4 Rxc1 29. Qxc1 Rc8 30. Qa3 Rc6 31. Nc4 Nxc4 32. bxc4 Qc7 33. f5 Qd7 34. Qa4
Qd4+ 35. Kh1 Qe3 36. Qc2 Rb6 37. Bd2 Qd4 38. Bc3 Qc5 39. Be1 Qa3 40. c5 Rb2 41.
Qc1 Qa2 42. Bf3 Rc2 43. Qe3 Be7 44. d4 exd4 45. Qxd4 Bxc5 46. Qd8+ Kg7 47. f6+
Kh6 48. Qd7 Qe6 49. Bd2+ g5 50. Bxg5+ Kxg5 51. Qxb7 Qxf6 52. Qd5+ Kh6 53. Qh5+
Kg7 54. e5 Qg6 55. Qh4 Be3 56. Be4 Rf2 57. Qxf2 Qxe4 58. Qxf7+ Kh6 59. Qf6+ Qg6
60. g4 Bg5 61. Qxg6+ Kxg6 62. Kg2 a5 63. Kf3 Kf7 64. Ke4+ Ke6 65. Rf5 h6 66.
Rf2 Be7 67. Ra2 Bd8 68. h4 Bc7 69. g5 hxg5 70. hxg5 Bxe5 71. Rxa5 Bb2 72. Ra6+
Kf7 73. Kf5 Kg7 74. Ra7+ Kg8 75. Kg6 Kf8 76. Kh7 Bd4 77. Ra8+ Ke7 78. Kg8 Be3
79. g6 Kf6 80. Ra6+ Ke7 81. Kh7 1-0

[Event "XXXIII Memorial Edoardo Crespi B"]
[Site "Milano ITA"]
[Date "2012.12.05"]
[Round "1"]
[White "Mauri, Agostino"]
[Black "Piras, Yari"]
[WhiteElo "1551"]
[BlackElo "1700"]
[Result "1/2-1/2"]
[PlyCount "41"]
[EventDate "2012.12.05"]

1. d4 Nf6 2. c4 d6 3. Nc3 g6 4. e4 Bg7 5. f3 O-O 6. Be3 Nbd7 7. Nge2 c5 8. Nc1
b6 9. Be2 a6 10. O-O Qc7 11. dxc5 Nxc5 12. Nd3 Nfd7 13. Nd5 Qd8 14. Rb1 e6 15.
Nc3 Nxd3 16. Bxd3 Qc7 17. Qd2 Re8 18. Rfc1 Bb7 19. b4 Rac8 20. Na4 Qd8 21. Qf2
1/2-1/2

[Event "XXXIII Memorial Edoardo Crespi B"]
[Site "Milano ITA"]
[Date "2012.12.05"]
[Round "1"]
[White "Mazzoccoli, Simone"]
[Black "D'Aste, Federico"]
[WhiteElo "1681"]
[BlackElo "1501"]
[Result "0-1"]
[PlyCount "28"]
[EventDate "2012.12.05"]

1. e4 d5 2. exd5 Nf6 3. d4 Bg4 4. Be2 Bxe2 5. Nxe2 Qxd5 6. O-O Nc6 7. Bf4 O-O-O
8. Nbc3 Qa5 9. Qd3 e5 10. Qh3+ Kb8 11. dxe5 Nxe5 12. Qf5 Nf3+ 13. gxf3 Qxf5 14.
Rad1 Bb4 0-1

[Event "XXXIII Memorial Edoardo Crespi B"]
[Site "Milano ITA"]
[Date "2012.12.05"]
[Round "1"]
[White "Milano, Maria"]
[Black "Bianchi, Angelo Massimo"]
[WhiteElo "1636"]
[BlackElo "1745"]
[Result "0-1"]
[PlyCount "104"]
[EventDate "2012.12.05"]

1. c4 Nf6 2. Nc3 g6 3. g3 Bg7 4. Bg2 O-O 5. d3 d6 6. h3 c5 7. Nf3 Nc6 8. O-O
Bd7 9. a3 Rb8 10. Rb1 a6 11. b4 cxb4 12. axb4 Qc8 13. Kh2 Ng4+ 14. hxg4 Bxc3
15. Bh6 Bg7 16. Bxg7 Kxg7 17. g5 b5 18. Qb3 Kg8 19. Rfc1 Be6 20. Qc3 bxc4 21.
dxc4 Bf5 22. Rb2 Qd7 23. Rd1 Qa7 24. Nd4 Nxd4 25. Qxd4 Qxd4 26. Rxd4 Rfc8 27.
e3 Be6 28. Bf1 Rb6 29. f4 Kf8 30. Kg2 Ke8 31. Kf3 Rcb8 32. b5 axb5 33. cxb5 Bd7
34. Rdb4 Bc6+ 35. e4 Bd7 36. Ke3 Ra8 37. Kd4 Ra3 38. R2b3 Rxb3 39. Rxb3 Kd8 40.
Bd3 Kc7 41. Kc3 Rb8 42. Kb4 Kb6 43. Ra3 Bc8 44. Bc4 e6 45. g4 Bb7 46. Bd3 Rc8
47. f5 Rc1 48. fxe6 fxe6 49. Bc4 Re1 50. Rd3 Kc7 51. Bxe6 Rxe4+ 52. Bc4 d5 0-1

[Event "XXXIII Memorial Edoardo Crespi B"]
[Site "Milano ITA"]
[Date "2012.12.05"]
[Round "1"]
[White "Nanni, Sergio"]
[Black "Pandini, Giuseppe"]
[WhiteElo "1650"]
[BlackElo "1762"]
[Result "0-1"]
[PlyCount "76"]
[EventDate "2012.12.05"]

1. e4 b6 2. Nc3 e6 3. d4 Bb7 4. Nf3 Bb4 5. e5 Ne7 6. a3 Bxc3+ 7. bxc3 O-O 8.
Bd3 Ng6 9. h4 f5 10. Ng5 h6 11. h5 Ne7 12. Rh3 Nd5 13. c4 Nc3 14. Qd2 Qxg5 15.
Qxc3 Qxg2 16. Bf1 Qe4+ 17. Re3 Qh4 18. Qd3 Be4 19. Qe2 Nc6 20. c3 Na5 21. Rh3
Qg4 22. f3 Bxf3 23. Rxf3 Qxh5 24. Qe3 Qh4+ 25. Kd1 Qh1 26. Kc2 Kf7 27. d5 g5
28. dxe6+ dxe6 29. Rf2 Qh4 30. c5 Rad8 31. Bb2 Qa4+ 32. Kb1 Rd1+ 33. Bc1 Nb3
34. Ka2 Nxa1 35. Kxa1 Qxa3+ 36. Kb1 bxc5 37. Bc4 Rb8+ 38. Kc2 Qa4+ 0-1

[Event "XXXIII Memorial Edoardo Crespi B"]
[Site "Milano ITA"]
[Date "2012.12.05"]
[Round "1"]
[White "Olivo, Mario"]
[Black "Mingolla, Patrizio"]
[WhiteElo "1798"]
[BlackElo "1654"]
[Result "1/2-1/2"]
[PlyCount "52"]
[EventDate "2012.12.05"]

1. c4 Nf6 2. Nc3 e5 3. Nf3 d6 4. g3 Be7 5. Bg2 Nbd7 6. O-O O-O 7. d3 Rb8 8. Be3
b6 9. h3 Bb7 10. Qc2 Re8 11. Bd2 Bf8 12. e4 Nc5 13. Rae1 Ne6 14. Be3 g6 15. Qd2
Bg7 16. Bh6 Bc6 17. Bxg7 Kxg7 18. Nd5 Nh5 19. Ne3 Rh8 20. h4 h6 21. Qe2 Bd7 22.
Kh2 a5 23. Bh3 Nef4 24. gxf4 Bxh3 25. Rg1 Nxf4 26. Qd2 Qf6 1/2-1/2

[Event "XXXIII Memorial Edoardo Crespi B"]
[Site "Milano ITA"]
[Date "2012.12.05"]
[Round "1"]
[White "Prevedello, Daniele"]
[Black "Lamperti, Gianloris"]
[WhiteElo "1495"]
[BlackElo "1679"]
[Result "0-1"]
[PlyCount "39"]
[EventDate "2012.12.05"]

1. c4 e6 2. Nc3 Nf6 3. g3 c6 4. Bg2 d5 5. cxd5 cxd5 6. d4 Nc6 7. e3 Bd7 8. a3
Na5 9. b4 Nc4 10. Qb3 a5 11. Nxd5 exd5 12. Bxd5 Nxd5 13. Qxc4 Bc6 14. e4 Nb6
15. Qd3 Qe7 16. f3 axb4 17. Be3 Qd7 18. d5 Bb5 19. Qd4 Nc4 20. Bf4 0-1